02052agaaa2200301 45000010005000000030009000050050017000140070009000310080040000400400023000800410013001031000047001161300019001632450199001822500022003812600103004033000034005065080223005405110092007635200565008555380016014205460013014366500057014497000065015067000059015717000061016307000059016918726IT-RoPAU20220918181237.0d cvaizq50131s9999||||xx ||| | || ||und|| aIT-RoPAUcIT-RoPAU aITALIANO aVerdone CarlogCodice regista SPICS: 29798 aACQUA E SAPONE aACQUA E SAPONEcProdotto da: Cecchi Gori M. E V. -- Sceneggiatura: Verdone Carlo Oldoini Enrico Ferrini Franco -- Diretto da: Verdone CarlopACQUA E SAPONE (Rif. Codice opera principale : H8726) aEdizione Standard a(ITALIA)bINTERCAPITAL / Distribuzione: MONDADORIg"1983 (1° ed.: 2009 ; Ed. Lingua Orig.: 1983)" aDVDbsonoro, col.c109 minuti a"Fotografia: Desideri Danilo; Montaggio: Siciliano Antonio; Musica: Liberatori Fabio; Sceneggiatura: Verdone Carlo Oldoini Enrico Ferrini Franco; Scenografia: Sabatelli Luca; Soggetto: Oldoini Enrico -- Ferrini Franco" a"Verdone Carlo; Hovey Natasha; Bolkan Florinda; Saxon Glenn; Fabrizi Lella; Mirabella " aLA MADRE-MANAGER DI UNA GIOVANISSIMA MODELLA AMERICANA CERCA UN PRECETTOREPER LA FIGLIA CHE DEVE LAVORARE PER 3 MESI A ROMA. LE VIENE SUGGERITO IL NOME DI PADRE SPINETTI, UN SACERDOTE CHE INSEGNA IN UN ISTITUTO FEMMINILE, MA LA TELEFONATA PER L'INCARICO LA INTERCETTA ROLANDO, BIDELLO LAUREATO IN CERCA DI FORTUNA. ROLANDO SI PRESENTA ALLA DONNA VESTITO DA PRETE E VIENE ASSUNTO, LA RAGAZZA PERO' NON TARDA A RENDERSI CONTO CHE L'IMPACCIATO PROFESSORE NON E' UN VERO SACERDOTE E SE NE INNAMORA. CONTENUTI EXTRA: BIOGRAFIA DEL REGISTA E DEGLI ATTORI PRINCIPALI. aPAL, STEREO aITALIANO aCOMMEDIAeDVD-FILM [DVD]xCodice MATERIA SPICS: 9947 aFerrini Franco e(soggetto)gCodice Soggetto 2° SPICS: 6685 aLiberatori Fabioe(musica)gCodice Musica SPICS: 29802 aOldoini Enrico e(soggetto)gCodice Soggetto SPICS: 3092 aVerdone Carlo e(regista)gCodice regista SPICS: 29798